Female spaces : Untersuchungen zu Gender und Archäologie im pharaonischen Ägypten /

محفوظ في:

المؤلف الرئيسي: Kleinke, Nira (مؤلف)

التنسيق: كتاب

اللغة: German

سلاسل: Gottinger Miszellen. Beihefte ; 1.
GMB ; 1.

الموضوعات:

الوسوم: إضافة وسم

لا توجد وسوم, كن أول من يضع وسما على هذه التسجيلة!

رقم الطلب: PJ1004 .G51 v.1

LEADER 01155namaa2200301 4500
001 15398
003 OSt
005 20210728080750.0
008 130303s2007 gw aef g b 000 0 ger d
952 |0 0  |1 0  |2 lcc  |3 V.1  |4 0  |6 PJ1004 G51 V.00001  |7 1  |9 17193  |a ARCE  |b ARCE  |d 2021-07-28  |l 0  |o PJ1004 .G51 v.1  |p 1002606  |r 2021-07-28 00:00:00  |w 2021-07-28  |y BK 
999 |c 14022  |d 14022 
040 |c ARCE Library 
043 |a f-ua--- 
050 0 4 |a PJ1004 .G51 v.1 
100 1 |a Kleinke, Nira,  |e author  |9 34021 
245 1 0 |a Female spaces :  |b Untersuchungen zu Gender und Archäologie im pharaonischen Ägypten /  |c Nira Kleinke. 
264 1 |a Göttingen :  |b [Seminar für Ägyptologie und Koptologie der Universität Göttingen],  |c 2007. 
300 |a 1 volume (76 pages-15 pages de plates) :  |b illustrations, plans ;  |c 21 cm. 
490 1 |a Göttinger Miszellen. Beihefte ;   |v 1. 
504 |a Includes bibliographical references. 
555 |a wafaa.lib.  
650 0 |a Manners and customs  |z Egypt. 
650 0 |a Women  |z Egypt. 
651 0 |a Egypt  |z Deir el-Medina Site. 
830 0 |a Gottinger Miszellen. Beihefte ;   |v 1. 
830 0 |a GMB ;   |v 1. 
901 |a reviewed 
942 |c BK  |2 lcc